| 000 | 00361nam a22001577a 4500 | ||
|---|---|---|---|
| 003 | SGT | ||
| 020 | _a978-93-5152-633-9 | ||
| 082 |
_a617.6342 _bO15G |
||
| 100 | _aGARG ,NISHA | ||
| 245 | _aTEXT BOOK OF OPERATIVE DENTISTRY . | ||
| 250 | _a1ST | ||
| 260 |
_aNEW DELHI _bJAYPEE BROTHERS _c2015 |
||
| 300 | _a524 | ||
| 650 | _aENDO DONTICS | ||
| 942 |
_2ddc _cBK _017 |
||
| 999 |
_c10845 _d10845 |
||